Evaluación de impacto ambiental del proyecto de ampliación de la planta de tratamiento de aguas residuales domesticas de Ciudad Sandino

En el presente trabajo se realizó una evaluación de impactos Ambientales, que abarco la caracterización de este proyecto. La identificación y cumplimientos legales de carácter ambiental aplicables a este proyecto han sido la ley General del medio ambiente y recursos naturales (ley 217), el sist...

Full description

Bibliographic Details
Main Authors: López Sánchez, Eynar Antonio., Castrillo Gómez Elvis Agustín
Other Authors: Tutor: Álvarez García, Sergio Enrique
Format: Tesis Section = Libro
Language:Undetermined
Spanish
Published: Managua UNI 2017
Subjects:
LEADER 01495nam a2200301Ia 4500
008 240830s9999 xx 000 0 und d
040 |a BIBLIOTECA-RUSB/ Mon 628.162 L864 
041 |a spa 
082 |a Mon 628.162 L864 
100 1 |a López Sánchez, Eynar Antonio. 
100 1 |b Castrillo Gómez Elvis Agustín 
245 1 0 |a Evaluación de impacto ambiental del proyecto de ampliación de la planta de tratamiento de aguas residuales domesticas de Ciudad Sandino 
260 |a Managua  |b UNI  |c 2017 
300 |a 135 p. :il. 
500 |a Contiene: CD 
502 |a Tesis (Ingeniero Químico) - UNI, 2017. 
520 3 |a En el presente trabajo se realizó una evaluación de impactos Ambientales, que abarco la caracterización de este proyecto. La identificación y cumplimientos legales de carácter ambiental aplicables a este proyecto han sido la ley General del medio ambiente y recursos naturales (ley 217), el sistema de evaluación ambiental (Decreto 76-2006) y las disposiciones para el control de las contaminaciones provenientes de las descargas de aguas residuales (Decreto 33-95). 
650 7 |a TRATAMIENTO DE AGUAS RESIDUALES 
650 7 |b  AGUAS RESIDUALES 
650 7 |c  PLANTA PARA TRATAMIENTO DE AGUA 
650 7 |d  CONTAMINACION DEL AGUA 
650 7 |e  AGUA POTABLE Y SANEAMIENTO 
650 7 |f  GESTION AMBIENTAL 
650 7 |g  IMPACTO AMBIENTAL 
700 1 |a Tutor:  |b Álvarez García, Sergio Enrique 
942 |c BK  |2 ddc 
991 |a TESIS 
999 |c 20427